Statistics for Countries that Border Niger

Click here to take the quiz!

General Stats

  • This quiz has been taken 73 times
  • The average score is 5 of 7

Answer Stats

Border LengthCoutnry% Correct
1,497 kmNigeria
94%
821 kmMali
80%
1,175 kmChad
74%
956 kmAlgeria
66%
354 kmLibya
57%
628 kmBurkina Faso
54%
266 kmBenin
40%

Score Distribution

Percentile by Number Answered

Percent of People with Each Score

Your Score History

You have not taken this quiz